| 000 | 00402cam a22001451 4500 | ||
|---|---|---|---|
| 001 | 7905761 | ||
| 005 | 20250703173601.0 | ||
| 008 | 720811s1951 pau 000 0 eng | ||
| 050 | 0 | 0 |
_aBS2350 _b.H78 |
| 100 | 1 | _aHunter, Archibald Macbride. | |
| 245 | 1 | 0 | _aInterpreting the New Testament, 1900-1950. |
| 260 |
_aPhiladelphia, _bWestminster Press _c[1951] |
||
| 300 |
_a144 p. _c22 cm. |
||
| 942 |
_2lcc _cBK _n0 |
||
| 999 |
_c6844 _d6844 |
||